Guess the Country by Picture - Statistics

General Stats
  • This quiz has been taken 68 times
    34 since last reset
  • The average score is 14 of 16
Answer Stats
Picture Answer % Correct
France
100%
Brazil
97%
China
97%
Italy
97%
United States
97%
Australia
94%
Egypt
94%
Greece
94%
India
94%
Russia
94%
United Kingdom
94%
Peru
88%
United Arab Emirates
88%
Spain
78%
Belgium
63%
Denmark
59%
No matching quizzes found
Score Distribution
Percent of People with Each Score
Percentile by Number Answered
Your Score History
You have not taken this quiz since the last reset